[Event "SV Castrop-Rauxel 1 - SC Bocholt 1"]
[Site "NRW-Klasse, Gruppe 1 2012/201"]
[Date "2012.11.18"]
[Round "3.5"]
[White "Robeling, Stephan"]
[Black "Kartsev, Soel"]
[Result "0-1"]
[WhiteElo "1897"]
[BlackElo "2167"]
[PlyCount "70"]
[EventDate "2012.??.??"]
[WhiteTeam "SC Bocholt 1"]
[BlackTeam "SV Castrop-Rauxel 1"]

1. d4 Nf6 2. c4 g6 3. Nc3 Bg7 4. e4 d6 5. Nf3 O-O 6. Be2 e5 7. dxe5 dxe5 8.
Qxd8 Rxd8 9. Bg5 Re8 10. O-O Na6 11. Rfe1 c6 12. Nd2 Nc5 13. b4 Ne6 14. Be3 Nd4
15. Bd1 Be6 16. f3 Nd7 17. Rc1 a5 18. a3 axb4 19. axb4 Bf8 20. c5 Ra3 21. Ndb1
Ra1 22. Ne2 Bg7 23. Bxd4 exd4 24. Bc2 f5 25. Rcd1 Ra2 26. Rd2 Rxc2 27. Rxc2 d3
28. Rcc1 dxe2 29. Rxe2 fxe4 30. Rxe4 Nf6 31. Re2 Bf7 32. Rxe8+ Bxe8 33. Na3 Nd5
34. Nc4 Nxb4 35. Rb1 Bd4+ 0-1

[Event "SV Castrop-Rauxel 1 - SC Bocholt 1"]
[Site "NRW-Klasse, Gruppe 1 2012/201"]
[Date "2012.11.18"]
[Round "3.6"]
[White "Kaeding, Rainer"]
[Black "Hunhoff, Sebastian"]
[Result "1-0"]
[WhiteElo "2112"]
[BlackElo "1795"]
[PlyCount "65"]
[EventDate "2012.??.??"]
[WhiteTeam "SV Castrop-Rauxel 1"]
[BlackTeam "SC Bocholt 1"]

1. d4 Nf6 2. c4 c5 3. Nf3 cxd4 4. Nxd4 b6 5. Nc3 Bb7 6. Bg5 e6 7. e4 d6 8. f3
a6 9. Be2 Nbd7 10. Qd2 Be7 11. O-O O-O 12. Rac1 Rc8 13. Rfd1 Qc7 14. Bf1 Qb8
15. Be3 Rfe8 16. Qf2 Bd8 17. b3 Bc7 18. g4 d5 19. g5 Nh5 20. cxd5 exd5 21. Nxd5
Bxd5 22. exd5 Rxe3 23. Rxc7 Qxc7 24. Qxe3 Nb8 25. Nf5 Rd8 26. d6 Qc5 27. Qxc5
bxc5 28. Rc1 f6 29. Rxc5 fxg5 30. Bc4+ Kf8 31. Rc7 Nd7 32. Nd4 Ke8 33. Bxa6 1-0

[Event "SV Castrop-Rauxel 1 - SC Bocholt 1"]
[Site "NRW-Klasse, Gruppe 1 2012/201"]
[Date "2012.11.18"]
[Round "3.7"]
[White "Hunhoff, Andreas"]
[Black "Hille, Ralph Ingo"]
[Result "1-0"]
[WhiteElo "1802"]
[BlackElo "2090"]
[PlyCount "93"]
[EventDate "2012.??.??"]
[WhiteTeam "SC Bocholt 1"]
[BlackTeam "SV Castrop-Rauxel 1"]

1. f4 b6 2. Nf3 Bb7 3. e3 g6 4. Be2 Bg7 5. O-O d6 6. d4 Nd7 7. c4 Ngf6 8. Nc3
O-O 9. Bd3 Re8 10. e4 e5 11. fxe5 dxe5 12. d5 h6 13. h3 Nh7 14. Be3 Ng5 15. Qd2
f6 16. b4 c6 17. Nxg5 hxg5 18. c5 bxc5 19. bxc5 Qa5 20. Bc4 Kh8 21. Nb1 Qa4 22.
Qd3 Qa5 23. Qc3 Qxc3 24. Nxc3 Bf8 25. d6 Bg7 26. Rab1 Reb8 27. Rb3 Bc8 28. Rfb1
Rxb3 29. Rxb3 Rb8 30. Ra3 Ra8 31. Be6 Bf8 32. Bxd7 Bxd7 33. Ra6 Kg8 34. Na4 Bc8
35. Rxc6 Bd7 36. Ra6 Bb5 37. Ra5 Bc6 38. Nc3 Kf7 39. Nd5 a6 40. Ra3 f5 41. Bxg5
fxe4 42. Nc7 Rb8 43. Rxa6 Rb1+ 44. Kh2 Bb7 45. d7 Be7 46. Bxe7 Kxe7 47. Rd6 1-0

[Event "SV Letmathe 1 - SV Hattingen 1"]
[Site "NRW-Klasse, Gruppe 1 2012/201"]
[Date "2012.12.16"]
[Round "4.1"]
[White "Stohl, Igor"]
[Black "Podzielny, Karl-Heinz"]
[Result "1/2-1/2"]
[WhiteElo "2481"]
[BlackElo "2357"]
[PlyCount "63"]
[EventDate "2012.??.??"]
[WhiteTeam "SV Hattingen 1"]
[BlackTeam "SV Letmathe 1"]

1. d4 Nf6 2. c4 g6 3. g3 Bg7 4. Bg2 O-O 5. Nc3 d6 6. Nf3 c6 7. O-O Qa5 8. e4
Bg4 9. h3 Bxf3 10. Bxf3 Nfd7 11. Rb1 c5 12. d5 Nb6 13. Be2 Bxc3 14. bxc3 N8d7
15. Qc2 Rab8 16. Rb5 Qa4 17. Qb3 Qxb3 18. axb3 Rfe8 19. Ra5 e6 20. dxe6 Rxe6
21. Rxa7 Nc8 22. Ra2 Rxe4 23. Bf4 Nf6 24. Rd1 Re6 25. Bf3 Kg7 26. Re2 Rxe2 27.
Bxe2 Ne4 28. Bf3 Nxc3 29. Rd3 Na2 30. Bxd6 Nxd6 31. Rxd6 b6 32. Rd7 1/2-1/2

[Event "SV Letmathe 1 - SV Hattingen 1"]
[Site "NRW-Klasse, Gruppe 1 2012/201"]
[Date "2012.12.16"]
[Round "4.2"]
[White "Webb, Laurence"]
[Black "Castaneda, Georgui"]
[Result "0-1"]
[WhiteElo "2250"]
[BlackElo "2492"]
[PlyCount "74"]
[EventDate "2012.??.??"]
[WhiteTeam "SV Letmathe 1"]
[BlackTeam "SV Hattingen 1"]

1. e4 e6 2. d4 d5 3. e5 c5 4. c3 Nc6 5. Nf3 Nge7 6. Bd3 cxd4 7. cxd4 Nf5 8.
Bxf5 exf5 9. O-O Be7 10. b3 g5 11. Ba3 f4 12. Bxe7 Qxe7 13. Nc3 Be6 14. Nb5 O-O
15. Qd3 g4 16. Nd2 f6 17. Rfe1 fxe5 18. dxe5 Nb4 19. Qc3 Rac8 20. Qd4 Nc2 21.
Qd3 Nxa1 22. Rxa1 Rc5 23. Nd6 Qc7 24. Rf1 Rc1 25. Qb5 Qc3 26. Rxc1 Qxc1+ 27.
Nf1 g3 28. Qe2 b6 29. Qd3 gxf2+ 30. Kxf2 f3 31. gxf3 Qb2+ 32. Qd2 Qxe5 33. Nb5
Bg4 34. Nd4 Rf4 35. Nc6 Rxf3+ 36. Kg1 Bh3 37. Ne7+ Kf7 0-1

[Event "SV Letmathe 1 - SV Hattingen 1"]
[Site "NRW-Klasse, Gruppe 1 2012/201"]
[Date "2012.12.16"]
[Round "4.3"]
[White "De Vreugt, Dennis"]
[Black "Oswald, Hans-Joachim"]
[Result "1-0"]
[WhiteElo "2369"]
[BlackElo "2210"]
[PlyCount "59"]
[EventDate "2012.??.??"]
[WhiteTeam "SV Hattingen 1"]
[BlackTeam "SV Letmathe 1"]

1. e4 d5 2. exd5 Nf6 3. Nc3 Nxd5 4. Bc4 Nb6 5. Bb3 Nc6 6. Qf3 e6 7. Nge2 Be7 8.
d3 O-O 9. a3 Kh8 10. h4 f5 11. Bg5 e5 12. O-O-O Bxg5+ 13. hxg5 Qxg5+ 14. Kb1 f4
15. Ne4 Qg4 16. Qxg4 Bxg4 17. f3 Bf5 18. Nc5 Nd7 19. Nxb7 a5 20. Ba4 Ncb8 21.
d4 Nb6 22. Bb3 a4 23. Ba2 N8d7 24. dxe5 Nxe5 25. Nd4 h6 26. Rh5 Bc8 27. Rxe5
Bxb7 28. Ne6 Rf6 29. Nxc7 Rg6 30. Nxa8 1-0

[Event "SV Letmathe 1 - SV Hattingen 1"]
[Site "NRW-Klasse, Gruppe 1 2012/201"]
[Date "2012.12.16"]
[Round "4.4"]
[White "Gruermann, Martin"]
[Black "Jonkman, Harmen"]
[Result "0-1"]
[WhiteElo "2144"]
[BlackElo "2421"]
[PlyCount "86"]
[EventDate "2012.??.??"]
[WhiteTeam "SV Letmathe 1"]
[BlackTeam "SV Hattingen 1"]

1. d4 d5 2. Nc3 Bf5 3. f3 e6 4. e4 Bg6 5. Bd3 Bb4 6. Nge2 Ne7 7. O-O O-O 8. Be3
Nd7 9. Na4 c6 10. a3 Bd6 11. b4 e5 12. c4 dxc4 13. Bc2 b5 14. Nac3 a5 15. f4 f6
16. dxe5 Bc7 17. e6 Bb6 18. Qc1 axb4 19. Rd1 Ra7 20. exd7 bxc3 21. Nxc3 Bh5 22.
Rd6 Rxd7 23. Rxd7 Bxe3+ 24. Qxe3 Qxd7 25. Bd1 Bg6 26. Be2 Ra8 27. Rd1 Qa7 28.
Rd8+ Kf7 29. Qxa7 Rxa7 30. f5 Rxa3 31. fxg6+ Nxg6 32. Nb1 Ra1 33. Rd1 Ne5 34.
Nd2 Ra2 35. Bf3 Rb2 36. Nf1 c3 37. Rc1 b4 38. Ne3 Nd3 39. Rc2 Rxc2 40. Nxc2 b3
41. Bd1 bxc2 42. Bxc2 Nb4 43. Bb3+ Ke7 0-1

[Event "SV Letmathe 1 - SV Hattingen 1"]
[Site "NRW-Klasse, Gruppe 1 2012/201"]
[Date "2012.12.16"]
[Round "4.5"]
[White "Schleining, Zoya"]
[Black "Haude, Ruediger"]
[Result "1-0"]
[WhiteElo "2332"]
[BlackElo "2069"]
[PlyCount "63"]
[EventDate "2012.??.??"]
[WhiteTeam "SV Hattingen 1"]
[BlackTeam "SV Letmathe 1"]

1. d4 Nf6 2. Nf3 g6 3. c4 Bg7 4. Nc3 O-O 5. e4 d6 6. Be2 c6 7. O-O Nbd7 8. Be3
Ng4 9. Bg5 f6 10. Bd2 Nh6 11. d5 c5 12. Ne1 f5 13. Qc1 Nf7 14. exf5 gxf5 15.
Nd3 Nde5 16. Nf4 Ng6 17. Nh5 Bh8 18. f4 Nh6 19. Kh1 Bd7 20. Nd1 Qe8 21. Bc3 Qf7
22. Bxh8 Kxh8 23. Qc3+ Kg8 24. h3 Rfe8 25. Ne3 e5 26. dxe6 Rxe6 27. Bf3 Ne7 28.
Nd5 Rd8 29. Rae1 Kf8 30. Nxe7 Qxe7 31. Rxe6 Bxe6 32. Re1 1-0

[Event "SV Letmathe 1 - SV Hattingen 1"]
[Site "NRW-Klasse, Gruppe 1 2012/201"]
[Date "2012.12.16"]
[Round "4.6"]
[White "Hunold, Rolf"]
[Black "Bakhmatov, Eduard"]
[Result "1/2-1/2"]
[WhiteElo "1991"]
[BlackElo "2211"]
[PlyCount "90"]
[EventDate "2012.??.??"]
[WhiteTeam "SV Letmathe 1"]
[BlackTeam "SV Hattingen 1"]

1. e4 c5 2. Nf3 e6 3. d4 cxd4 4. Nxd4 Nc6 5. g3 d5 6. Bg2 dxe4 7. Nxc6 Qxd1+ 8.
Kxd1 bxc6 9. Bxe4 Bb7 10. c4 O-O-O+ 11. Ke2 Rd4 12. Bd3 c5 13. Rd1 Nf6 14. Be3
Rd7 15. Nc3 Ng4 16. Be4 Bxe4 17. Nxe4 Nxe3 18. Kxe3 Be7 19. Rxd7 Kxd7 20. Rd1+
Kc6 21. Rd3 f5 22. Nd2 Rb8 23. b3 g5 24. h3 h5 25. Nf3 Bf6 26. h4 gxh4 27. Nxh4
Bxh4 28. gxh4 Rg8 29. f3 Rg2 30. Kf4 Rxa2 31. Kg5 a5 32. Kxh5 Ra3 33. Kg6 a4
34. h5 Rxb3 35. Rd1 Rxf3 36. h6 Rh3 37. h7 f4 38. Rd8 f3 39. h8=Q Rxh8 40. Rxh8
Kb6 41. Kf6 Ka5 42. Kxe6 Kb4 43. Rf8 Kxc4 44. Rxf3 Kb4 45. Kd5 a3 1/2-1/2

[Event "SV Letmathe 1 - SV Hattingen 1"]
[Site "NRW-Klasse, Gruppe 1 2012/201"]
[Date "2012.12.16"]
[Round "4.7"]
[White "Lindner-Emden, Carsten"]
[Black "Pfleger, Sascha"]
[Result "0-1"]
[WhiteElo "1964"]
[BlackElo "2016"]
[PlyCount "44"]
[EventDate "2012.??.??"]
[WhiteTeam "SV Hattingen 1"]
[BlackTeam "SV Letmathe 1"]

1. e4 c5 2. Nf3 Nc6 3. b3 Nf6 4. e5 Nd5 5. Bb2 e6 6. Bb5 Qb6 7. a4 a6 8. Bxc6
Qxc6 9. O-O Be7 10. d4 Nf4 11. Nbd2 f5 12. exf6 Bxf6 13. Nc4 O-O 14. Nce5 Bxe5
15. dxe5 b6 16. Ne1 Bb7 17. f3 Rf7 18. Qd2 Raf8 19. Rd1 Qc8 20. Nd3 Nxg2 21.
Kxg2 Rxf3 22. Kg1 Qc6 0-1

[Event "SV Letmathe 1 - SV Hattingen 1"]
[Site "NRW-Klasse, Gruppe 1 2012/201"]
[Date "2012.12.16"]
[Round "4.8"]
[White "Weyrauch, Erich"]
[Black "Marx, Henning"]
[Result "0-1"]
[WhiteElo "2037"]
[BlackElo "1916"]
[PlyCount "118"]
[EventDate "2012.??.??"]
[WhiteTeam "SV Letmathe 1"]
[BlackTeam "SV Hattingen 1"]

1. e4 d5 2. exd5 Qxd5 3. Nc3 Qa5 4. d4 c6 5. Nf3 Nf6 6. Bd2 Bg4 7. h3 Bh5 8.
Ne4 Qc7 9. Ng3 Bg6 10. Bc4 Nbd7 11. O-O e6 12. Re1 Bd6 13. Nf1 O-O 14. c3 Rfe8
15. Be3 Rad8 16. Nh4 e5 17. Nxg6 hxg6 18. Qb3 Nb6 19. dxe5 Bxe5 20. Rad1 Nxc4
21. Qxc4 b6 22. Bg5 c5 23. Ne3 Rxd1 24. Rxd1 Rd8 25. Re1 Rc8 26. a4 Qc6 27. f4
Bd6 28. Bxf6 gxf6 29. Nd5 Kg7 30. Ne7 Bxe7 31. Rxe7 Rf8 32. Rxa7 Qd6 33. Rb7
Qc6 34. Re7 Qd6 35. Re1 Qd7 36. Re2 Qd1+ 37. Kh2 Rd8 38. Re7 Rf8 39. b3 Qd2 40.
Re2 Qd6 41. Re3 Rd8 42. b4 Ra8 43. bxc5 bxc5 44. Re2 Ra5 45. g3 Qd1 46. Re7
Qd2+ 47. Kg1 Qd1+ 48. Kg2 Qc2+ 49. Kf3 Qd1+ 50. Kf2 Qc2+ 51. Re2 Qd1 52. h4
Rxa4 53. Qxc5 Ra1 54. Qd4 Qg1+ 55. Kf3 Rf1+ 56. Kg4 Qh1 57. Re3 Rd1 58. Qa7 f5+
59. Kg5 Qxh4+ 0-1

[Event "LSV Turm Lippstadt 1 - SV Castrop-Rauxe"]
[Site "NRW-Klasse, Gruppe 1 2012/201"]
[Date "2012.12.16"]
[Round "4.1"]
[White "Van Eijk, Sander"]
[Black "Matthias, Heiner"]
[Result "1/2-1/2"]
[WhiteElo "2400"]
[BlackElo "2320"]
[PlyCount "106"]
[EventDate "2012.??.??"]
[WhiteTeam "SV Castrop-Rauxel 1"]
[BlackTeam "LSV Turm Lippstadt 1"]

1. e4 e5 2. f4 exf4 3. Nf3 Ne7 4. Bc4 d5 5. exd5 Ng6 6. O-O Bd6 7. Re1+ Kf8 8.
d4 Bg4 9. Nc3 Nd7 10. Be2 Nb6 11. Qd3 Bb4 12. h3 Bc8 13. Qb5 a5 14. a3 Bd7 15.
Qd3 Bxc3 16. bxc3 Nxd5 17. c4 Nde7 18. Qe4 Bf5 19. Qxb7 Bxc2 20. a4 Kg8 21. Ba3
h6 22. Bd1 Rb8 23. Qa7 Bxd1 24. Raxd1 Nc6 25. Qc5 Nb4 26. Re2 Nh4 27. Nxh4 Qxh4
28. Qxc7 Na6 29. Qc6 Qg3 30. Bd6 Qb3 31. Rde1 Qb7 32. Re8+ Kh7 33. Rxh8+ Kxh8
34. Qxb7 Rxb7 35. Re8+ Kh7 36. Ra8 Rb1+ 37. Kh2 Nb4 38. Bxf4 g5 39. Bd2 Nd3 40.
c5 Rb2 41. c6 Rc2 42. d5 Ne5 43. Bxa5 Nf3+ 44. Kg3 Nh4 45. Kh2 Nf3+ 46. Kg3 Nh4
47. Kg4 Rc4+ 48. Kg3 Rc2 49. Kg4 Rc4+ 50. Kg3 Rc2 51. Kh2 Nf3+ 52. Kg3 Nh4 53.
Kg4 Rc4+ 1/2-1/2

[Event "LSV Turm Lippstadt 1 - SV Castrop-Rauxe"]
[Site "NRW-Klasse, Gruppe 1 2012/201"]
[Date "2012.12.16"]
[Round "4.2"]
[White "Jesse, Ingemars"]
[Black "Afek, Yochanan"]
[Result "0-1"]
[WhiteElo "2272"]
[BlackElo "2306"]
[PlyCount "98"]
[EventDate "2012.??.??"]
[WhiteTeam "LSV Turm Lippstadt 1"]
[BlackTeam "SV Castrop-Rauxel 1"]

1. c4 Nf6 2. Nc3 g6 3. g3 Bg7 4. Bg2 O-O 5. e4 c5 6. Nge2 Nc6 7. d3 a6 8. Bg5
Rb8 9. Qd2 b5 10. h4 h5 11. Rb1 d6 12. f3 Ne5 13. b3 Bd7 14. Rd1 b4 15. Nb1 Nh7
16. Be3 f5 17. Nf4 Qe8 18. O-O Nc6 19. Nh3 Nd4 20. Bh6 fxe4 21. fxe4 Bxh3 22.
Bxh3 Nf3+ 23. Rxf3 Rxf3 24. Kg2 Rf6 25. Bf4 e5 26. Be3 Nf8 27. a4 Ne6 28. Bxe6+
Qxe6 29. Qe2 Rbf8 30. Nd2 Kh7 31. Bg5 Qg4 32. Qxg4 Rf2+ 33. Kh3 hxg4+ 34. Kxg4
Bh6 35. Be7 R8f7 36. Bg5 Kg7 37. Kh3 Bxg5 38. hxg5 Re2 39. Kg4 Ref2 40. Kh3 Rf8
41. Kg4 a5 42. Kh3 Re2 43. Kg4 Re3 44. Nf1 Ref3 45. Nh2 Rf2 46. d4 cxd4 47. c5
dxc5 48. Rc1 Rxh2 49. Rxc5 Rb2 0-1

[Event "LSV Turm Lippstadt 1 - SV Castrop-Rauxe"]
[Site "NRW-Klasse, Gruppe 1 2012/201"]
[Date "2012.12.16"]
[Round "4.3"]
[White "Kusnetsov, Mark"]
[Black "Brenke, Andreas"]
[Result "0-1"]
[WhiteElo "2211"]
[BlackElo "2297"]
[PlyCount "68"]
[EventDate "2012.??.??"]
[WhiteTeam "SV Castrop-Rauxel 1"]
[BlackTeam "LSV Turm Lippstadt 1"]

1. d4 d6 2. g3 e5 3. c3 Nc6 4. Bg2 Bd7 5. e4 g6 6. f4 Bg7 7. d5 Nce7 8. Nf3
exf4 9. Bxf4 Nf6 10. Nbd2 O-O 11. Qc2 Nh5 12. Nd4 Nxf4 13. gxf4 c6 14. O-O cxd5
15. exd5 Bxd4+ 16. cxd4 Qb6 17. Kh1 Rac8 18. Qb3 Qxd4 19. Ne4 Ba4 20. Qxb7 Nf5
21. b3 Ne3 22. Rae1 Nxg2 23. Kxg2 Rce8 24. Nf2 Rb8 25. Qe7 Bb5 26. Ne4 Bxf1+
27. Kxf1 Kg7 28. Ng5 Qxf4+ 29. Kg2 Kh6 30. h4 Rbc8 31. Re2 Qg4+ 32. Kf1 Rc1+
33. Kf2 Qxh4+ 34. Kf3 Rc3+ 0-1

[Event "LSV Turm Lippstadt 1 - SV Castrop-Rauxe"]
[Site "NRW-Klasse, Gruppe 1 2012/201"]
[Date "2012.12.16"]
[Round "4.4"]
[White "Fecke, Andreas"]
[Black "Kartsev, Alexandr"]
[Result "1/2-1/2"]
[WhiteElo "2108"]
[BlackElo "2150"]
[PlyCount "30"]
[EventDate "2012.??.??"]
[WhiteTeam "LSV Turm Lippstadt 1"]
[BlackTeam "SV Castrop-Rauxel 1"]

1. e4 c6 2. d3 d5 3. Nd2 g6 4. Ngf3 Bg7 5. Qe2 Nd7 6. g3 e5 7. Bh3 Qe7 8. O-O
d4 9. a4 Ngf6 10. a5 O-O 11. Nc4 Ne8 12. c3 Nc5 13. Bxc8 Rxc8 14. Ncd2 Ne6 15.
Nc4 Nc5 1/2-1/2

[Event "LSV Turm Lippstadt 1 - SV Castrop-Rauxe"]
[Site "NRW-Klasse, Gruppe 1 2012/201"]
[Date "2012.12.16"]
[Round "4.5"]
[White "Kartsev, Soel"]
[Black "Tran, Duc Cuong"]
[Result "1-0"]
[WhiteElo "2167"]
[BlackElo "2036"]
[PlyCount "43"]
[EventDate "2012.??.??"]
[WhiteTeam "SV Castrop-Rauxel 1"]
[BlackTeam "LSV Turm Lippstadt 1"]

1. e4 c5 2. c3 Nf6 3. e5 Nd5 4. d4 cxd4 5. Nf3 e6 6. cxd4 b6 7. Bc4 Bb7 8. O-O
Be7 9. Bxd5 Bxd5 10. Nc3 Bc4 11. Re1 O-O 12. d5 exd5 13. b3 Ba6 14. Bb2 Nc6 15.
Nxd5 Re8 16. Qd2 Bb7 17. Rad1 Bc5 18. Qf4 Ne7 19. e6 fxe6 20. Nf6+ gxf6 21.
Qxf6 Nf5 22. Qh8+ 1-0

[Event "LSV Turm Lippstadt 1 - SV Castrop-Rauxe"]
[Site "NRW-Klasse, Gruppe 1 2012/201"]
[Date "2012.12.16"]
[Round "4.6"]
[White "Grobbel, Rainer"]
[Black "Boehnke, Martin"]
[Result "1/2-1/2"]
[WhiteElo "2068"]
[BlackElo "2100"]
[PlyCount "99"]
[EventDate "2012.??.??"]
[WhiteTeam "LSV Turm Lippstadt 1"]
[BlackTeam "SV Castrop-Rauxel 1"]

1. d4 d5 2. c4 c6 3. Nc3 Nf6 4. Nf3 dxc4 5. a4 Bf5 6. e3 e6 7. Bxc4 Bb4 8. O-O
O-O 9. Qe2 Nbd7 10. e4 Bg6 11. e5 Nd5 12. Nxd5 cxd5 13. Bd3 Rc8 14. Bxg6 fxg6
15. Qb5 a5 16. Qxb7 Rc2 17. Qa6 Qb6 18. Qxb6 Nxb6 19. b3 Rfc8 20. Rb1 h6 21.
Be3 Kf7 22. h3 Ke7 23. Rfd1 Kd7 24. Kf1 Ra2 25. Bd2 Rcc2 26. Ke2 Nc8 27. Kd3
Bxd2 28. Rxd2 Rxd2+ 29. Nxd2 Ne7 30. Rc1 Nc6 31. Rc5 Nxd4 32. Kxd4 Rxd2+ 33.
Kc3 Rxf2 34. Rxa5 Rxg2 35. Ra7+ Kc6 36. Kb4 Re2 37. Ra6+ Kd7 38. Ra7+ Kc6 39.
Ra6+ Kd7 40. Kc5 Rxe5 41. Ra7+ Kc8 42. b4 Re3 43. Rxg7 Rc3+ 44. Kb6 d4 45. a5
d3 46. a6 d2 47. a7 Ra3 48. Rg8+ Kd7 49. Rg7+ Kd6 50. Rg8 1/2-1/2

[Event "LSV Turm Lippstadt 1 - SV Castrop-Rauxe"]
[Site "NRW-Klasse, Gruppe 1 2012/201"]
[Date "2012.12.16"]
[Round "4.7"]
[White "Mueller, Frank"]
[Black "Wagner, Alexej"]
[Result "1-0"]
[WhiteElo "2035"]
[BlackElo "2063"]
[PlyCount "85"]
[EventDate "2012.??.??"]
[WhiteTeam "SV Castrop-Rauxel 1"]
[BlackTeam "LSV Turm Lippstadt 1"]

1. e4 c5 2. Nc3 d6 3. g3 Nc6 4. Bg2 g6 5. d3 Bg7 6. Be3 e6 7. Qd2 Qa5 8. f4
Nge7 9. Nf3 Nd4 10. O-O Nec6 11. Rf2 Bd7 12. a3 O-O 13. Raf1 Nxf3+ 14. Bxf3 Nd4
15. Bg2 Rab8 16. e5 dxe5 17. fxe5 Bxe5 18. Bh6 Bg7 19. Bxg7 Kxg7 20. Qf4 f6 21.
Qd6 Rbd8 22. Rxf6 Nf5 23. R1xf5 gxf5 24. Qe7+ Kg8 25. Rxf8+ Rxf8 26. Qxd7 Qb6
27. Na4 Qd8 28. Qxe6+ Kg7 29. Qe5+ Kg6 30. h4 b6 31. Nc3 Re8 32. h5+ Kxh5 33.
Qxf5+ Kh6 34. Be4 Rh8 35. Nd5 Qg5 36. Qf6+ Qxf6 37. Nxf6 Rf8 38. Nxh7 Rf7 39.
g4 b5 40. g5+ Kh5 41. g6 Rf4 42. Nf6+ Kh6 43. g7 1-0

[Event "LSV Turm Lippstadt 1 - SV Castrop-Rauxe"]
[Site "NRW-Klasse, Gruppe 1 2012/201"]
[Date "2012.12.16"]
[Round "4.8"]
[White "Kuckling, Hannah"]
[Black "Kock, Wolfgang"]
[Result "1/2-1/2"]
[WhiteElo "1889"]
[BlackElo "2018"]
[PlyCount "76"]
[EventDate "2012.??.??"]
[WhiteTeam "LSV Turm Lippstadt 1"]
[BlackTeam "SV Castrop-Rauxel 1"]

1. e4 d6 2. d4 Nf6 3. Nc3 c6 4. Bd3 Qb6 5. Nf3 Bg4 6. O-O Bxf3 7. Qxf3 Qxd4 8.
Be3 Qe5 9. Rad1 Qh5 10. Qxh5 Nxh5 11. f4 e5 12. fxe5 dxe5 13. Rf5 Nf4 14. Rxe5+
Ne6 15. Bc4 Nd7 16. Rf5 g6 17. Rff1 Bc5 18. Bxc5 Ndxc5 19. b4 Nd7 20. Rd2 Ne5
21. Bb3 Rd8 22. Rfd1 Rxd2 23. Rxd2 Ke7 24. b5 Nc5 25. bxc6 bxc6 26. Kf2 Rb8 27.
h3 a5 28. Rd4 g5 29. Ke3 f6 30. Ne2 Ne6 31. Ra4 Ra8 32. Nd4 Nc5 33. Nf5+ Kf8
34. Rd4 a4 35. Bc4 Rb8 36. a3 Re8 37. Bd3 Rb8 38. Bc4 Re8 1/2-1/2

[Event "SV Dinslaken 1 - SK Münster 2"]
[Site "NRW-Klasse, Gruppe 1 2012/201"]
[Date "2012.12.16"]
[Round "4.1"]
[White "Emunds, Hans Georg"]
[Black "Trella, Thomas"]
[Result "1/2-1/2"]
[WhiteElo "2179"]
[BlackElo "2373"]
[PlyCount "58"]
[EventDate "2012.??.??"]
[WhiteTeam "SK Münster 2"]
[BlackTeam "SV Dinslaken 1"]

1. e4 e6 2. d4 d5 3. Nc3 Nf6 4. Bg5 Bb4 5. exd5 Qxd5 6. Bxf6 Bxc3+ 7. bxc3 gxf6
8. Nf3 b6 9. g3 Nc6 10. Bg2 Qc4 11. Qd3 Qxd3 12. cxd3 Bb7 13. O-O O-O-O 14.
Rfe1 Ne7 15. Nh4 Bxg2 16. Nxg2 Rd5 17. Ne3 Ra5 18. a4 Rd8 19. Kf1 Nd5 20. Nxd5
Rdxd5 21. Ke2 Kd7 22. Ke3 e5 23. Rec1 exd4+ 24. cxd4 Kd6 25. Ra2 c5 26. dxc5+
Raxc5 27. Rac2 Re5+ 28. Kd2 Rh5 29. h4 Rxc2+ 1/2-1/2

[Event "SV Dinslaken 1 - SK Münster 2"]
[Site "NRW-Klasse, Gruppe 1 2012/201"]
[Date "2012.12.16"]
[Round "4.2"]
[White "Sielecki, Christof"]
[Black "Rehfeldt, Frank"]
[Result "1-0"]
[WhiteElo "2390"]
[BlackElo "2126"]
[PlyCount "93"]
[EventDate "2012.??.??"]
[WhiteTeam "SV Dinslaken 1"]
[BlackTeam "SK Münster 2"]

1. Nf3 Nf6 2. c4 c6 3. Nc3 d5 4. d4 a6 5. g3 dxc4 6. a4 Nbd7 7. Bg2 g6 8. O-O
Bg7 9. Nd2 O-O 10. Nxc4 Nb6 11. Nxb6 Qxb6 12. a5 Qd8 13. e4 Be6 14. d5 Bd7 15.
Qb3 Qc7 16. Bf4 e5 17. dxe6 Bxe6 18. Qb4 c5 19. Qa3 Qe7 20. Nd5 Nxd5 21. exd5
Bd7 22. Rfe1 Qf6 23. Be5 Qf5 24. Bxg7 Kxg7 25. Qxc5 h5 26. h4 Qf6 27. Qb4 Bb5
28. Re7 Rac8 29. Rxb7 Rc2 30. Qf4 Qxf4 31. gxf4 Re8 32. Rxb5 axb5 33. a6 Ra8
34. d6 Ra7 35. d7 Rd2 36. Bc6 b4 37. Bb5 Kf6 38. Ra4 b3 39. Rb4 Ke7 40. Rxb3
Rd6 41. Re3+ Re6 42. Rd3 Ra8 43. b4 Rd6 44. Rc3 Kd8 45. Kg2 f5 46. a7 Ke7 47.
Rc8 1-0

[Event "SV Dinslaken 1 - SK Münster 2"]
[Site "NRW-Klasse, Gruppe 1 2012/201"]
[Date "2012.12.16"]
[Round "4.3"]
[White "Kubo, Thomas"]
[Black "Kern, Guido"]
[Result "1-0"]
[WhiteElo "2008"]
[BlackElo "2308"]
[PlyCount "93"]
[EventDate "2012.??.??"]
[WhiteTeam "SK Münster 2"]
[BlackTeam "SV Dinslaken 1"]

1. d4 e6 2. Bf4 f5 3. e3 Nf6 4. Nd2 b6 5. Ngf3 Bb7 6. Bd3 Bd6 7. Bxd6 cxd6 8.
c3 O-O 9. h3 Ne4 10. Rg1 d5 11. Qe2 Nc6 12. g4 Ne7 13. gxf5 Nxf5 14. Bxe4 dxe4
15. Ng5 Qe7 16. Ngxe4 e5 17. Ng3 Nh4 18. dxe5 Nf3+ 19. Nxf3 Bxf3 20. Qc4+ Kh8
21. Ne2 Rac8 22. Qd3 Qxe5 23. Qd4 Qe7 24. Rd1 d5 25. b3 Rc6 26. Rg3 Rh6 27. Rd2
Re6 28. Nf4 Re4 29. Nxd5 Qb7 30. Qd3 Re5 31. c4 b5 32. Qd4 Qb8 33. Nf4 Bc6 34.
Ne6 Rg8 35. Qd6 Qxd6 36. Rxd6 Be8 37. cxb5 Bxb5 38. f4 Rf5 39. Nd4 Rh5 40. Nxb5
Rxb5 41. Ra6 Rb7 42. Rg5 Rc8 43. Rga5 Re7 44. Kf2 Rcc7 45. Re5 Rxe5 46. fxe5
Re7 47. Kf3 1-0

[Event "SV Dinslaken 1 - SK Münster 2"]
[Site "NRW-Klasse, Gruppe 1 2012/201"]
[Date "2012.12.16"]
[Round "4.4"]
[White "Mundorf, Johannes"]
[Black "Kammers, Heribert"]
[Result "1/2-1/2"]
[WhiteElo "2197"]
[BlackElo "2089"]
[PlyCount "120"]
[EventDate "2012.??.??"]
[WhiteTeam "SV Dinslaken 1"]
[BlackTeam "SK Münster 2"]

1. Nf3 d5 2. g3 Nf6 3. Bg2 e6 4. O-O c5 5. c4 Nc6 6. cxd5 exd5 7. d4 Be7 8.
dxc5 Bxc5 9. a3 Ne4 10. Qd3 O-O 11. Nc3 Nxc3 12. Qxc3 Be7 13. Rd1 Bf6 14. Qb3
Na5 15. Qxd5 Qxd5 16. Rxd5 Nb3 17. Rb1 Nxc1 18. Rxc1 Bxb2 19. Rc7 Be6 20. Rd3
Rfd8 21. Rxb7 Rxd3 22. exd3 Bxa3 23. Nd4 Bf8 24. Nxe6 fxe6 25. Rd7 Rb8 26. Bh3
Rb6 27. Rxa7 Bc5 28. Rc7 Bd4 29. Re7 Kf8 30. Rxe6 Rb2 31. Re4 Bxf2+ 32. Kh1 Bb6
33. Bf5 g6 34. Bg4 Rb1+ 35. Kg2 Rg1+ 36. Kh3 h5 37. Bf3 Rf1 38. Re6 Rxf3 39.
Rxb6 Kf7 40. Kh4 Rxd3 41. Kg5 Rd5+ 42. Kh6 h4 43. g4 Rd2 44. g5 Rxh2 45. Rf6+
Ke7 46. Kxg6 Rg2 47. Rf3 Rg3 48. Rf4 h3 49. Rh4 Kf8 50. Kh6 Kf7 51. Rh5 Ke7 52.
Kg7 h2 53. g6 Rg2 54. Rh6 Ke8 55. Kh7 Kf8 56. Rh3 Ke7 57. g7 Kf7 58. Rf3+ Ke7
59. Re3+ Kf7 60. Rf3+ Ke7 1/2-1/2

[Event "SV Dinslaken 1 - SK Münster 2"]
[Site "NRW-Klasse, Gruppe 1 2012/201"]
[Date "2012.12.16"]
[Round "4.5"]
[White "Kaufhold, Thomas"]
[Black "Cebulla, Konstantin"]
[Result "1-0"]
[WhiteElo "2015"]
[BlackElo "2103"]
[PlyCount "103"]
[EventDate "2012.??.??"]
[WhiteTeam "SK Münster 2"]
[BlackTeam "SV Dinslaken 1"]

1. d4 d5 2. Nf3 Nf6 3. c4 e6 4. Nc3 Nbd7 5. cxd5 exd5 6. Bg5 Be7 7. e3 c6 8.
Bd3 O-O 9. Qc2 Re8 10. O-O g6 11. a3 Nh5 12. Bxe7 Qxe7 13. b4 a6 14. Rab1 Nb6
15. a4 Be6 16. b5 axb5 17. axb5 c5 18. dxc5 Qxc5 19. Rfc1 Rec8 20. Nd4 Ra3 21.
Rb3 Kf8 22. Qb2 Rxb3 23. Qxb3 Ra8 24. Nce2 Qd6 25. Qb2 Bd7 26. h3 Qa3 27. Qd2
Nf6 28. Rc3 Qd6 29. Qc1 Ke8 30. Nb3 Ke7 31. Nc5 Ra7 32. Nd4 Bc8 33. Ncb3 Ra8
34. Nc6+ Ke8 35. Nca5 Kd8 36. e4 d4 37. Rc5 Nfd7 38. Rc2 Qb4 39. Qg5+ Qe7 40.
Qf4 Ne5 41. Bf1 Ke8 42. Qh6 d3 43. Rd2 Rxa5 44. Nxa5 Qb4 45. Ra2 Be6 46. Qd2
Qxe4 47. Rb2 Bxh3 48. Rb4 Nbc4 49. Nxc4 Nxc4 50. Qxd3 Qxd3 51. Bxd3 Ne5 52. Re4
1-0